Central Library OPAC University of Rajshahi

The Golden grove : (Record no. 21897)

MARC details
000 -LEADER
fixed length control field 00979cam a22002651 4500
001 - CONTROL NUMBER
control field 21897
003 - CONTROL NUMBER IDENTIFIER
rucl marc code BD-RjUL
005 - DATE AND TIME OF LATEST TRANSACTION
control field 20211209000737.0
008 - FIXED-LENGTH DATA ELEMENTS--GENERAL INFORMATION
fixed length control field 140305s1930 enkc b 000 0 eng
035 ## - SYSTEM CONTROL NUMBER
System control number (BD-RjUL)21962
System control number (OCoLC)355956
040 ## - CATALOGING SOURCE
Original cataloging agency DLC
Transcribing agency ODaWU
Modifying agency OCoLC
-- OKentU
-- DLC
Language of cataloging eng
041 ## - LANGUAGE CODE
Language code of text/sound track or separate title eng
082 ## - DEWEY DECIMAL CLASSIFICATION NUMBER
Classification number 208.1
Author mark and year TAG 1930
100 1# - MAIN ENTRY--PERSONAL NAME
Personal name Taylor, Jeremy,
Dates associated with a name 1613-1667.
9 (RLIN) 67606
245 14 - TITLE STATEMENT
Title The Golden grove :
Remainder of title selected passages from the sermons and writings of Jeremy Taylor /
Statement of responsibility, etc. Edited by Logan Pearsall Smith, with a bibliography of the works of Jeremy Taylor by Robert Gathorne-Hardy.
260 ## - PUBLICATION, DISTRIBUTION, ETC. (IMPRINT)
Place of publication, distribution, etc. Oxford :
Name of publisher, distributor, etc. The Clarendon press,
Date of publication, distribution, etc. 1930.
300 ## - PHYSICAL DESCRIPTION
Pagination lxiii, 330 p., 1 l. incl. front. :
Illustrations port. ;
Size 20 cm.
600 10 - SUBJECT ADDED ENTRY--PERSONAL NAME
Personal name Taylor, Jeremy,
Dates associated with a name 1613-1667
700 1# - ADDED ENTRY--PERSONAL NAME
Personal name Smith, Logan Pearsall,
Dates associated with a name 1865-1946,
Relator term ed.
Personal name Gathorne-Hardy, Robert,
Dates associated with a name 1902-
942 ## - ADDED ENTRY ELEMENTS (KOHA)
Source of classification or shelving scheme Dewey Decimal Classification
Koha item type Books
Holdings
Lost status Source of classification or shelving scheme Damaged status Not for loan Collection code Permanent Location Current Location Shelving location Date acquired Source of acquisition Cost, normal purchase price Total Checkouts Full call number Date last seen Copy number Koha item type
  Dewey Decimal Classification     Fiction Central Library, University of Rajshahi Central Library, University of Rajshahi   06/08/1955 O.U.P. 6.40   208.1 TAG 1930 05/03/2014 C-3 Books
  Dewey Decimal Classification   Not For Loan Non-fiction Central Library, University of Rajshahi Central Library, University of Rajshahi Reading Room   MBP Dhaka 5.13   208.1 TAG 1930 17/05/2025 C-2 Books
  Dewey Decimal Classification   Not For Loan Non-fiction Central Library, University of Rajshahi Central Library, University of Rajshahi Reading Room 21/01/1955 MBP Dhaka 9.13   208.1 TAG 1930 17/05/2025 C-1 Books